000
00300nam a2200145Ia 4500
100
_a
Naiman/Arthur
942
_c
BK
654
_a
Word Star
245
_a
Introduction To Word Star
260
_b
B.P.B Pub.
_a
Delhi
_c
1985
082
_a
1.6
_b
Nai
300
_a
208
546
_a
ENGLISH
999
_c
30248
_d
30248